00545 2200205 4500001002100000005001500021035002000036007000300056008004100059020002200100082001200122084001800134100001900152245007800171250001000249260003200259300002000291650001800311990001000329INLIS00000000000134220180124031354 a0010-0118000160ta180124 f 0 ind  a978-979-077-098-0 a297.273 a297.273 IQB d0 aIqbal Muhaimin1 aDinnar the real Money :bDinar emas, Uang & Investasiku /cMuhaimin Iqbal acet 3 adepok :bGema Insani,c2009 a220hlm ;c23 cm aEkonomi Islam a12884